Физические методы исследования минералов: электронный курс

Dades bibliogràfiques
Autor principal: Рудмин М. А. Максим Андреевич
Autor corporatiu: Национальный исследовательский Томский политехнический университет Институт природных ресурсов Кафедра геологии и разведки полезных ископаемых
Sumari:Заглавие с экрана
В курсе «Физические методы исследования минералов» раскрываются вопросы сущности и возможностей применения основных современных методов исследования минералов. Особое внимание уделяется возможностям использования прецизионных методов для решения различного рода геологических и научных задач. Знания, полученные в курсе (по модулю), помогут сформировать у обучающихся студентов глубоких общенаучных, инженерных знаний и развить навыки применения современных технологий и оборудования для повышения ресурсоэффективности и конкурентоспособности предприятий минерально-сырьевой отрасли.
Доступ по логину и паролю
Idioma:rus
Publicat: Томск, TPU Moodle, 2017
Matèries:
Accés en línia:https://design.lms.tpu.ru/course/view.php?id=1764
Format: MixedMaterials Electrònic Llibre
KOHA link:https://koha.lib.tpu.ru/cgi-bin/koha/opac-detail.pl?biblionumber=667086

MARC

LEADER 00000nlm0a2200000 4500
001 667086
005 20240128145440.0
035 |a (RuTPU)RU\TPU\network\38290 
035 |a RU\TPU\network\26354 
090 |a 667086 
100 |a 20220221d2017 m y0rusy50 ca 
101 0 |a rus 
102 |a RU 
105 |a a j 000zy 
135 |a jrcn ---uucaa 
181 0 |a i  
182 0 |a b 
200 1 |a Физические методы исследования минералов  |e электронный курс  |f М. А. Рудмин  |g Национальный исследовательский Томский политехнический университет, Институт природных ресурсов, Кафедра геологии и разведки полезных ископаемых 
203 |a Текст  |c электронный 
210 |a Томск  |c TPU Moodle  |d 2017 
300 |a Заглавие с экрана 
330 |a В курсе «Физические методы исследования минералов» раскрываются вопросы сущности и возможностей применения основных современных методов исследования минералов. Особое внимание уделяется возможностям использования прецизионных методов для решения различного рода геологических и научных задач. Знания, полученные в курсе (по модулю), помогут сформировать у обучающихся студентов глубоких общенаучных, инженерных знаний и развить навыки применения современных технологий и оборудования для повышения ресурсоэффективности и конкурентоспособности предприятий минерально-сырьевой отрасли. 
333 |a Доступ по логину и паролю 
606 1 |a Минералы  |x Физические методы исследования  |2 stltpush  |3 (RuTPU)RU\TPU\subj\72208  |9 85778 
610 1 |a электронный ресурс 
610 1 |a труды учёных ТПУ 
610 1 |a электронные учебные пособия 
610 1 |a учебные пособия 
610 1 |a Moodle 
610 1 |a e-learning 
610 1 |a минералы 
610 1 |a минеральное сырье 
610 1 |a рентгенофлуоресцентный анализ 
610 1 |a сканирующая электронная микроскопия 
610 1 |a инфракрасная спектрометрия 
610 1 |a атомно-абсорбционный анализ 
610 1 |a атомно-эмиссионный анализ 
610 1 |a термобарогеохимия 
675 |a 549.08:53(075.8)  |v 4 
700 1 |a Рудмин  |b М. А.  |c геолог  |c доцент Томского политехнического университета, кандидат геолого-минералогических наук  |f 1989-  |g Максим Андреевич  |3 (RuTPU)RU\TPU\pers\30397  |9 14740 
712 0 2 |a Национальный исследовательский Томский политехнический университет  |b Институт природных ресурсов  |b Кафедра геологии и разведки полезных ископаемых  |3 (RuTPU)RU\TPU\col\18660 
801 2 |a RU  |b 63413507  |c 20220628  |g RCR 
856 4 |u https://design.lms.tpu.ru/course/view.php?id=1764 
942 |c CF